हम हशमत / (Record no. 13059)
[ view plain ]
| 000 -LEADER | |
|---|---|
| fixed length control field | 01219 a2200193 4500 |
| 008 - FIXED-LENGTH DATA ELEMENTS--GENERAL INFORMATION | |
| fixed length control field | 090304t xxu||||| |||| 00| 0 eng d |
| 010 ## - LCCN (DPL NO) | |
| LC control number | BPPD-H1298 B-303005 |
| 020 ## - INTERNATIONAL STANDARD BOOK NUMBER | |
| International Standard Book Number | 8171787932 |
| Terms of availability | 225.00 भा-1 |
| 082 ## - DEWEY DECIMAL CLASSIFICATION NUMBER | |
| Classification number | 820.8 |
| 100 ## - MAIN ENTRY--PERSONAL NAME | |
| Personal name | सोबती, कृष्णा |
| 245 ## - TITLE STATEMENT | |
| Title | हम हशमत / |
| Statement of responsibility, etc | कृष्णा सोबती |
| 260 ## - PUBLICATION, DISTRIBUTION, ETC. (IMPRINT) | |
| Place of publication, distribution, etc | नई दिल्ली |
| Name of publisher, distributor, etc | राजकमल प्रकाशन |
| Date of publication, distribution, etc | 1999 |
| 270 ## - ADDRESS | |
| Address | 1-बी, नेताजी सुभाष मार्ग, |
| City | नई दिल्ली |
| State or province | दिल्ली |
| Postal code | 110002 |
| 300 ## - PHYSICAL DESCRIPTION | |
| Extent | 271पृ. |
| Dimensions | 22 सेमी (सजिल्द) |
| 490 ## - SERIES STATEMENT | |
| Volume number/sequential designation | 2 भाग |
| 942 ## - ADDED ENTRY ELEMENTS (KOHA) | |
| Institution code [OBSOLETE] | dpl |
| Item type | Hindi Books |
| Call number prefix | |
| Source of classification or shelving scheme | Dewey Decimal Classification |
| Classification part | 820.8 |
| Call number suffix | सोबती |
| Withdrawn status | Lost status | Source of classification or shelving scheme | Damaged status | Not for loan | Collection code | Home library | Current library | Date acquired | Source of acquisition | Cost, normal purchase price | Total Checkouts | Full call number | Barcode | Date last seen | Copy number | Cost, replacement price | Koha item type |
|---|---|---|---|---|---|---|---|---|---|---|---|---|---|---|---|---|---|
| Dewey Decimal Classification | Non-fiction | Shahdara Branch | Shahdara Branch | 04/03/2009 | राजकमल प्रकाशन/1925/30.9.08/413/4.9.08/8.10.08 | 225.00 | 820.8 सोबती | B-303005 | 04/03/2009 | 1 | 225.00 | Hindi Books |
